banner-ar

اشهر خمسين مخرجا مسرحيا اساسيا / (Record no. 65260)

MARC details
000 -الفاتح
حقل البيانات ثابتة الطول 01224nam a2200301Ia 4500
005 - وقت وتاريخ اخر تعامل مع التسجيلة
رقم الضبط 20240530110815.0
008 - عناصر البيانات ثابتة الطول - معلومات عامة
حقل البيانات ثابتة الطول 140319s2009 au a f b 000 0 ara d
017 ## - رقم الايداع القانونى
رقم الايداع القانونى 2009/21041
المصدر ( الهيئة المختصة) مصر. دار الكتب
020 ## - الرقم الدولى المعيارى للكتب
الرقم الدولى المعيارى للكتاب 9789774796512
040 ## - مصدر الفهرسة
وكالة الفهرسة الأصلية GCL /
وكالة النسخ GCL
082 04 - رقم تصنيف ديوى العشرى
رقم الطبعة 21
رقم التصنيف 792.0233 /
رقم المادة م أ
100 1# - المدخل الرئيسى - إسم شخصى
الإسم الشخصى ميتر ، شوميت
245 10 - بيان العنوان
العنوان اشهر خمسين مخرجا مسرحيا اساسيا /
بيان المسئوليه,etc تحرير شوميت ميتر ؛ ترجمة محمد سيد على ؛ مراجعة على جمال الدين عزت
250 ## - بيان الطبعة
بيان الطبعة ط.1
260 ## - PUBLICATION, DISTRIBUTION, ETC. (IMPRINT)
تاريخ النشر أو التوزيع 2009 .
300 ## - الوصف المادى
التعداد 447 ص. :
تفاصيل ماديه اخرى للوعاء ايض. ؛
أبعاد الوعاء 24 سم.
650 07 - المدخل الاضافى بالموضوع-مصطلح موضوعى
مصطلح موضوعي المسرح
مصدر الرأس أو المصطلح qrmak
650 07 - المدخل الاضافى بالموضوع-مصطلح موضوعى
مصطلح موضوعي الاخراج المسرحى
650 07 - المدخل الاضافى بالموضوع-مصطلح موضوعى
مصطلح موضوعي السينما
مصدر الرأس أو المصطلح qrmak
650 07 - المدخل الاضافى بالموضوع-مصطلح موضوعى
مصطلح موضوعي المسرح
التقسيم الفرعي الجغرافي المانيا
مصدر الرأس أو المصطلح qrmak
650 07 - المدخل الاضافى بالموضوع-مصطلح موضوعى
مصطلح موضوعي التمثيل
مصدر الرأس أو المصطلح qrmak
650 07 - المدخل الاضافى بالموضوع-مصطلح موضوعى
مصطلح موضوعي المسرح
التقسيم الفرعي العام تاريخ ونقد
مصدر الرأس أو المصطلح qrmak
التقسيم الفرعي الجغرافي روسيا
651 ## - المدخل الاضافى بالموضوع - اسم جغرافى
مصدر الرأس أو المصطلح qrmak
700 0# - المدخل الاضافى - اسم شخصى
الإسم الشخصى محمد سيد على
الدور مترجم
700 0# - المدخل الاضافى - اسم شخصى
الإسم الشخصى على جمال الدين عزت
الدور مراجع
942 ## - عناصر المدخل الإضافي( كوها)
مصدر التصنيف او مخطط الترفيف Dewey Decimal Classification
Koha [default] item type كتاب
260 ## - PUBLICATION, DISTRIBUTION, ETC. (IMPRINT)
-- القاهرة :
-- وزارة الثقافة : مهرجان القاهرة الدولى للمسرح التجريبى،
Holdings
حالة التراجع حالة الفقد حالة تلف ليس للاعارة المكان المؤقت الموقع الحالى موقع الترفيف تاريخ الاكتساب اجمالي اﻻعارات رقم الطلب الباركود تاريخ اخر مشاهدة تاريخ تفعيل السعر نوع وعاء كوها
        مكتبة القاهرة الكبرى مكتبة القاهرة الكبرى   06/15/2019   792.0233 / م أ 165956 06/15/2019 06/15/2019 كتاب

Powered By

EGPV